県の旗クイズ - Statistics

General Stats
  • This quiz has been taken 143 times
  • The average score is 6 of 14
Answer Stats
Picture Answer % Correct
静岡県
88%
神奈川県
81%
新潟県
74%
富山県
68%
香川県
67%
山形県
67%
宮城県
63%
福岡県
51%
金門県
11%
嘉義県
2%
スエズ県
2%
ウドンターニー県
2%
山県市
2%
レーネ県
1%
No matching quizzes found
Score Distribution
Percent of People with Each Score
Percentile by Number Answered
Your Score History
You have not taken this quiz